000 00392nam a22001217a 4500
999 _c10054
_d10054
003 OSt
008 201218b ||||| |||| 00| 0 eng d
245 _aAdvances in Wireless and Mobile Communications (AWMC)
250 _a2012(Jan-Jun Vol.5 No.1, Jul-Dec Vol.5 No.2)
260 _aNew Delhi
_bResearch india publications
650 _aElectronics and Communication Engineering
942 _2ddc
_cBV